000 01179nam a22002057a 4500
003 JO-AjAnu
005 20250720091533.0
008 250719b jo ||||| |||| 00| 0 ara d
040 _aJO-AjAnu
_bara
_cJO-AjAnu
_dJO-AjAnu
_erda
041 _aara
_hara
050 _aK564
_b2025
100 1 _aضمرة، تسنيم محمود عبد القادر
_eمعد
_966605
245 _aالتوقيع الإلكتروني وحجيته في الإثبات وفقاً لقانون المعاملات الإلكترونية الأردني رقم (15) لعام (2015) = Electronic signature and its evidential value according to the Jordanian Electronic Transactions Law No. (15) of 2015 /
_cاعداد تسنيم محمود عبد القادر ضمرة ؛ اشراف منتصر القضاة
260 _c2025
300 _a96 ورقة
504 _aرسالة جامعية(رسالة ماجستير)- جامعة عجلزن الوطنية(عجلون، الاردن)-كلية الحقوق، قسم القانون،2025.
650 7 0 _aالتوقيعات الرقمية- قوانين وتشريعات.
_966606
700 1 _aالقضاة، منتصر
_964973
_eمشرف
942 _2lcc
_cTHS
_n0
999 _c33952
_d33952